000
00328pab a2200145 454500
008
180718b2017 xxu||||| |||| 00| 0 eng d
100
_a
Nath, Rintu
245
_a
Automation: challenge to workforce?
260
_c
2017
300
_a
p.48-50.
362
_a
Apr
650
_a
Automation
773
_a
Yojana
909
_a
114247
999
_c
114241
_d
114241